| 000 | 00570nam a2200169 i 4500 | ||
|---|---|---|---|
| 001 | 44646 | ||
| 003 | ES-MaACL | ||
| 007 | t| | ||
| 008 | 030321s1891 sp ||||1| spa d | ||
| 245 | 0 | 0 |
_aCódigo de justicia militar / _ccon comentarios y citas del Tribunal Supremo ; precedido de un prólogo de Francisco J. de Ugarte. |
| 260 |
_aMadrid : _bPedro Nuñez, _c1891. |
||
| 300 |
_aXVI, 256 p. ; _c19 cm. |
||
| 700 | 1 |
_aUgarte y Pagés, Javier. _9111900 |
|
| 710 | 1 |
_aEspaña. _bTribunal Supremo _94004 |
|
| 852 |
_aES-MaACL _jB-6672 |
||
| 999 |
_c44646 _d44646 |
||